Franchisees as consumers : benchmarks, perpectives and consequences.
| Main Author: | |
|---|---|
| Format: | Book |
| Published: |
New York:
Springer,
2013.
|
| Subjects: |
| LEADER | 00502cam a2200157 7i4500 | ||
|---|---|---|---|
| 001 | 0000029875 | ||
| 005 | 20131202090000.0 | ||
| 020 | 0 | 0 | |a 9781461456131 |
| 090 | 0 | 0 | |a B 343.0811 |b BUN |
| 100 | 1 | 0 | |a Bunchan |
| 245 | 1 | 0 | |a Franchisees as consumers : |b benchmarks, perpectives and consequences. |
| 260 | 0 | 0 | |a New York: |b Springer, |c 2013. |
| 300 | # | # | |a 198 p. |
| 650 | 0 | 0 | |a Franchises (retail trade) |
| 650 | 0 | 0 | |a Franchises (Retail trade) -- |x Law and legislation |
| 999 | |a B000033147 |b Book |c Book |e Business Information Centre | ||


